000 00461nam a2200169Ia 4500
008 090711s9999 xx 000 0 und d
082 _b64822
100 _aबांदोडकर व. पु.
245 _aहव्यास
260 _c1990
300 _a214
600 _aबांदोडकर व. पु.
630 _aहव्यास
700 _aबांदोडकर व. पु.
730 _aहव्यास
942 _cBOOK
999 _c299224
_d299224